[Event "Titled Tuesday intern op 20th July"]
[Site "Chess.com INT"]
[Date "2021.07.20"]
[Round "7"]
[White "Golubenko, Valentina"]
[Black "Vukovic, Zdravko"]
[Result "0-1"]
[WhiteElo "2209"]
[BlackElo "2406"]
[PlyCount "66"]
[EventDate "2021.07.20"]
[EventType "swiss (blitz)"]
[EventRounds "11"]
[EventCountry "USA"]
[SourceTitle "CBM 203 Extra"]
[Source "ChessBase"]
[SourceDate "2021.09.30"]
[SourceVersion "1"]
[SourceVersionDate "2021.09.30"]
[SourceQuality "1"]

1. d4 d5 2. g3 Nf6 3. Bg2 e6 4. Nf3 b5 5. 0-0 Nbd7 6. a4 b4 7. c4 bxc3 8. Nxc3 Ba6 9. Re1 Be7 10. e4 dxe4 11. Ng5 0-0 12. Ngxe4 Rb8 13. Qc2 c5 14. Nxf6+ Nxf6 15. dxc5 Bxc5 16. Ne4 Bd4 17. Rd1 Rc8 18. Qd2 e5 19. Qe1 Nxe4 20. Bxe4 f5 21. Bd3 Bxd3 22. Rxd3 Bxf2+ 23. Qxf2 Qxd3 24. Be3 Rc2 25. Qf3 e4 26. Qf4 Qe2 27. Bf2 Qf3 28. Qxf3 exf3 29. b4 Re8 30. b5 Ree2 31. Bxa7 Rxh2 32. b6 Rcg2+ 33. Kf1 Rh1# 0-1

[Event "Titled Tuesday intern op 20th July"]
[Site "Chess.com INT"]
[Date "2021.07.20"]
[Round "10"]
[White "Vukovic, Zdravko"]
[Black "Turgut, Aydin"]
[Result "1-0"]
[WhiteElo "2406"]
[BlackElo "2275"]
[PlyCount "104"]
[EventDate "2021.07.20"]
[EventType "swiss (blitz)"]
[EventRounds "11"]
[EventCountry "USA"]
[SourceTitle "CBM 203 Extra"]
[Source "ChessBase"]
[SourceDate "2021.09.30"]
[SourceVersion "1"]
[SourceVersionDate "2021.09.30"]
[SourceQuality "1"]

1. e4 e5 2. d4 exd4 3. Nf3 Nc6 4. Nxd4 Nf6 5. Nxc6 bxc6 6. e5 Qe7 7. Qe2 Nd5 8. Nd2 g6 9. Ne4 Bg7 10. Bg5 Qxe5 11. f4 Qe6 12. c4 Ne7 13. 0-0-0 0-0 14. g4 d6 15. Re1 Re8 16. Qd2 Qxg4 17. h4 Be6 18. Bh3 Qf3 19. Bxe6 fxe6 20. h5 Nf5 21. hxg6 hxg6 22. Bf6 e5 23. Bxg7 Kxg7 24. Rh7+ Kf8 25. Ng5 Qg3 26. Rh3 Qxf4 27. Qxf4 exf4 28. Rh8+ Kg7 29. Rexe8 Rxe8 30. Rxe8 Kf6 31. Ne4+ Kf7 32. Rc8 Ke6 33. Rxc7 Nd4 34. Rxa7 d5 35. cxd5+ Kxd5 36. Ng5 Ke5 37. a4 Kf5 38. Nh3 Kg4 39. Nxf4 Kxf4 40. a5 g5 41. a6 g4 42. Rg7 Nb5 43. a7 Nxa7 44. Rxa7 g3 45. Rg7 Kf3 46. Kc2 Kf2 47. Kc3 g2 48. Kc4 Kf1 49. Kc5 Kg1 50. Kxc6 Kh1 51. Rxg2 Kxg2 52. b4 Kf3 1-0

[Event "Titled Tuesday intern op 01st June"]
[Site "Chess.com INT"]
[Date "2021.06.01"]
[Round "10"]
[White "Shahaliyev, Ismayil Bahram"]
[Black "Vukovic, Zdravko"]
[Result "1-0"]
[WhiteElo "2413"]
[BlackElo "2406"]
[PlyCount "49"]
[EventDate "2021.06.01"]
[EventType "swiss (blitz)"]
[EventRounds "11"]
[EventCountry "USA"]
[SourceTitle "CBM 202 Extra"]
[Source "ChessBase"]
[SourceDate "2021.07.31"]
[SourceVersion "1"]
[SourceVersionDate "2021.07.31"]
[SourceQuality "1"]

1. d4 d5 2. Nf3 e6 3. c4 Nf6 4. Nc3 Be7 5. Bg5 0-0 6. e3 Nbd7 7. Rc1 a6 8. c5 c6 9. Bd3 e5 10. dxe5 Ne8 11. h4 Nxc5 12. Bb1 f5 13. Nxd5 cxd5 14. Rxc5 Be6 15. Nd4 Qd7 16. Nxe6 Qxe6 17. Qxd5 Qxd5 18. Rxd5 Bxg5 19. hxg5 Nc7 20. Rd6 Rad8 21. g6 hxg6 22. Rxg6 Kf7 23. Bxf5 Rh8 24. Rxh8 Rxh8 25. Rd6 1-0

[Event "Titled Tuesday intern op 01st June"]
[Site "Chess.com INT"]
[Date "2021.06.01"]
[Round "9"]
[White "Vukovic, Zdravko"]
[Black "Aditya, Mittal"]
[Result "1-0"]
[WhiteElo "2406"]
[BlackElo "2438"]
[PlyCount "43"]
[EventDate "2021.06.01"]
[EventType "swiss (blitz)"]
[EventRounds "11"]
[EventCountry "USA"]
[SourceTitle "CBM 202 Extra"]
[Source "ChessBase"]
[SourceDate "2021.07.31"]
[SourceVersion "1"]
[SourceVersionDate "2021.07.31"]
[SourceQuality "1"]

1. e4 c5 2. b3 Nc6 3. Bb2 d6 4. f4 Nf6 5. Nc3 e6 6. Nf3 Be7 7. Bd3 a6 8. 0-0 b5 9. Kh1 Bb7 10. a3 Nd4 11. Nxd4 cxd4 12. Ne2 Nxe4 13. Nxd4 Bf6 14. Qe2 Nc5 15. Rae1 0-0 16. Bxh7+ Kxh7 17. Qh5+ Kg8 18. Re3 g6 19. Qh6 Re8 20. Rh3 Rc8 21. Nxe6 Bxb2 22. Qh7# 1-0

[Event "Titled Tuesday intern op 18th May"]
[Site "Chess.com INT"]
[Date "2021.05.18"]
[Round "3"]
[White "Vukovic, Zdravko"]
[Black "Alavkin, Arseny Nailievich"]
[Result "0-1"]
[WhiteElo "2406"]
[BlackElo "2376"]
[PlyCount "88"]
[EventDate "2021.05.18"]
[EventType "swiss (blitz)"]
[EventRounds "11"]
[EventCountry "USA"]
[SourceTitle "CBM 202 Extra"]
[Source "ChessBase"]
[SourceDate "2021.07.31"]
[SourceVersion "1"]
[SourceVersionDate "2021.07.31"]
[SourceQuality "1"]

1. e4 e6 2. d4 d5 3. Nc3 Bb4 4. exd5 exd5 5. Bd3 Nc6 6. Nge2 Nge7 7. Bg5 f6 8. Bf4 Bf5 9. 0-0 Qd7 10. Bxf5 Nxf5 11. Qd3 g5 12. Bxc7 Rc8 13. Bg3 h5 14. h3 Kf7 15. Bh2 Bxc3 16. Nxc3 Ncxd4 17. Rad1 g4 18. h4 Kg7 19. Bg3 Rhe8 20. Rfe1 a6 21. Ne2 Rxe2 22. Rxe2 Nxe2+ 23. Qxe2 d4 24. c3 Rd8 25. Qd3 Kg6 26. Kh2 Qe6 27. cxd4 Rxd4 28. Qb1 Rxd1 29. Qxd1 Qxa2 30. Qd7 Qf7 31. Qd3 Qe6 32. Qd8 Kg7 33. Bf4 Nxh4 34. Qc7+ Qf7 35. Qc5 Ng6 36. Be3 Ne5 37. Bd4 Qe6 38. Qc7+ Nd7 39. g3 b5 40. Qc8 Qd5 41. Bc3 Ne5 42. Bb4 Nf3+ 43. Kg2 Nh4+ 44. Kf1 Qd1+ 0-1

[Event "Titled Tuesday intern op 18th May"]
[Site "Chess.com INT"]
[Date "2021.05.18"]
[Round "2"]
[White "Vukovic, Zdravko"]
[Black "Cramling Bellon, Anna"]
[Result "1-0"]
[WhiteElo "2406"]
[BlackElo "2035"]
[PlyCount "61"]
[EventDate "2021.05.18"]
[EventType "swiss (blitz)"]
[EventRounds "11"]
[EventCountry "USA"]
[SourceTitle "CBM 202 Extra"]
[Source "ChessBase"]
[SourceDate "2021.07.31"]
[SourceVersion "1"]
[SourceVersionDate "2021.07.31"]
[SourceQuality "1"]

1. e4 c5 2. b3 Nc6 3. Bb2 e6 4. Nf3 d5 5. Bb5 Bd7 6. exd5 exd5 7. 0-0 Nf6 8. Re1+ Be7 9. Bxf6 gxf6 10. Nc3 Be6 11. Bxc6+ bxc6 12. d4 Rg8 13. dxc5 Bxc5 14. Nd4 Qd7 15. Na4 Bd6 16. Qd3 Kd8 17. Qa6 Rc8 18. Qa5+ Bc7 19. Qc3 Qd6 20. g3 Bb8 21. Nc5 Rc7 22. Ndxe6+ fxe6 23. Rxe6 Qf8 24. Rae1 Rcg7 25. Qa5+ Bc7 26. Qxa7 Bxg3 27. Nb7+ Kc7 28. Nd6+ Kd8 29. Qb8+ Kd7 30. Qb7+ Kd8 31. Qc8# 1-0

[Event "Titled Tuesday intern op 13th Apr"]
[Site "Chess.com INT"]
[Date "2021.04.13"]
[Round "5"]
[White "Kosteniuk, Alexandra"]
[Black "Vukovic, Zdravko"]
[Result "1-0"]
[WhiteElo "2474"]
[BlackElo "2406"]
[PlyCount "41"]
[EventDate "2021.04.13"]
[EventType "swiss (blitz)"]
[EventRounds "11"]
[EventCountry "USA"]
[SourceTitle "CBM 201 Extra"]
[Source "ChessBase"]
[SourceDate "2021.05.31"]
[SourceVersion "1"]
[SourceVersionDate "2021.05.31"]
[SourceQuality "1"]

1. g4 d5 2. Bg2 c6 3. c4 dxc4 4. h3 h5 5. g5 Bf5 6. Nc3 e6 7. Nf3 Nd7 8. h4 Nc5 9. Ne5 Qd4 10. Nxc6 bxc6 11. Bxc6+ Kd8 12. Bxa8 Nd3+ 13. exd3 Bxd3 14. Qf3 Bc5 15. Be4 Ne7 16. Bxd3 cxd3 17. Rh3 Nd5 18. Qxd3 Qxf2+ 19. Kd1 Ke7 20. Nxd5+ exd5 21. Qe2+ 1-0

[Event "Titled Tuesday intern op 13th Apr"]
[Site "Chess.com INT"]
[Date "2021.04.13"]
[Round "1"]
[White "Lagarde, Maxime"]
[Black "Vukovic, Zdravko"]
[Result "1-0"]
[WhiteElo "2638"]
[BlackElo "2406"]
[PlyCount "67"]
[EventDate "2021.04.13"]
[EventType "swiss (blitz)"]
[EventRounds "11"]
[EventCountry "USA"]
[SourceTitle "CBM 201 Extra"]
[Source "ChessBase"]
[SourceDate "2021.05.31"]
[SourceVersion "1"]
[SourceVersionDate "2021.05.31"]
[SourceQuality "1"]

1. e4 d5 2. exd5 Qxd5 3. Nc3 Qd8 4. g3 Nf6 5. Bg2 c5 6. Nge2 Nc6 7. d3 e6 8. h3 Be7 9. Be3 0-0 10. Qd2 Nd4 11. 0-0 e5 12. f4 exf4 13. Nxf4 Bd7 14. Ncd5 Bc6 15. c4 Bd6 16. Bxd4 cxd4 17. g4 Bxf4 18. Nxf4 Bxg2 19. Qxg2 Nd7 20. Rae1 Nc5 21. b4 Ne6 22. Nxe6 fxe6 23. Rxf8+ Qxf8 24. Qxb7 Rb8 25. Qe4 Re8 26. c5 Qf6 27. Rf1 Qh6 28. Qf3 Qg6 29. c6 h6 30. b5 Rc8 31. a4 Kh8 32. Qe4 Qg5 33. Qxe6 Rd8 34. c7 1-0

[Event "Titled Tuesday intern op 06th Apr"]
[Site "Chess.com INT"]
[Date "2021.04.06"]
[Round "7"]
[White "Vukovic, Zdravko"]
[Black "Shkapenko, Pavel"]
[Result "1/2-1/2"]
[WhiteElo "2406"]
[BlackElo "2424"]
[PlyCount "58"]
[EventDate "2021.04.06"]
[EventType "swiss (blitz)"]
[EventRounds "11"]
[EventCountry "USA"]
[SourceTitle "CBM 201 Extra"]
[Source "ChessBase"]
[SourceDate "2021.05.31"]
[SourceVersion "1"]
[SourceVersionDate "2021.05.31"]
[SourceQuality "1"]

1. e4 e5 2. d4 exd4 3. Nf3 Nc6 4. Nxd4 Bc5 5. Be3 Qf6 6. c3 Nge7 7. Bc4 0-0 8. 0-0 Qg6 9. Nxc6 Qxc6 10. Bxc5 Qxc5 11. Qd4 b6 12. b4 Qxd4 13. cxd4 a5 14. b5 Bb7 15. Nc3 Rae8 16. Rac1 Bxe4 17. Nxe4 d5 18. Bb3 dxe4 19. Rxc7 Nf5 20. Rd1 Rd8 21. d5 Nd6 22. a4 Rb8 23. Rc6 Rfd8 24. Rdc1 Kf8 25. Rc7 Rb7 26. Rxb7 Nxb7 27. Rc6 Rd6 28. Bc2 Ke7 29. Bxe4 Nc5 1/2-1/2

[Event "Titled Tuesday intern op 30th Mar"]
[Site "Chess.com INT"]
[Date "2021.03.30"]
[Round "9"]
[White "Maksimovic, Bojan"]
[Black "Vukovic, Zdravko"]
[Result "1-0"]
[WhiteElo "2416"]
[BlackElo "2406"]
[PlyCount "107"]
[EventDate "2021.03.30"]
[EventType "swiss (blitz)"]
[EventRounds "11"]
[EventCountry "USA"]
[SourceTitle "CBM 201 Extra"]
[Source "ChessBase"]
[SourceDate "2021.05.31"]
[SourceVersion "1"]
[SourceVersionDate "2021.05.31"]
[SourceQuality "1"]

1. g3 d5 2. Bg2 c6 3. d3 e5 4. Nd2 Nf6 5. e4 Bc5 6. Nh3 Bg4 7. f3 Bxh3 8. Bxh3 Qb6 9. Kf1 0-0 10. Kg2 a5 11. a4 Na6 12. Qe2 Nc7 13. Nb3 Bd6 14. Be3 d4 15. Bg5 Be7 16. Bd2 Ne6 17. Rhb1 Nc5 18. Nxc5 Bxc5 19. c3 Rfd8 20. b4 axb4 21. cxb4 Be7 22. Kh1 Qc7 23. Rc1 h6 24. Qd1 Qb6 25. Qb3 Qa6 26. Bf1 Nd7 27. Be2 Nb6 28. Bd1 Nc8 29. Qb1 Nd6 30. Bb3 Rf8 31. Kg2 Qb6 32. a5 Qd8 33. a6 Rxa6 34. Rxa6 bxa6 35. Rxc6 Qa8 36. Bd5 Qa7 37. Qa2 Nb5 38. Qxa6 Qxa6 39. Rxa6 Nc3 40. Bc4 Bxb4 41. Ra7 g6 42. Rb7 Kg7 43. Rxb4 Ra8 44. Bxc3 dxc3 45. Rb1 Ra3 46. Rc1 f5 47. Kf2 Kf6 48. Ke3 c2 49. Rxc2 Ra1 50. Re2 Rc1 51. Ra2 g5 52. Ra6+ Kg7 53. exf5 h5 54. f6+ 1-0

[Event "Titled Tuesday intern op 30th Mar"]
[Site "Chess.com INT"]
[Date "2021.03.30"]
[Round "5"]
[White "Vukovic, Zdravko"]
[Black "Barria Zuniga, Daniel"]
[Result "1-0"]
[WhiteElo "2406"]
[BlackElo "2341"]
[PlyCount "61"]
[EventDate "2021.03.30"]
[EventType "swiss (blitz)"]
[EventRounds "11"]
[EventCountry "USA"]
[SourceTitle "CBM 201 Extra"]
[Source "ChessBase"]
[SourceDate "2021.05.31"]
[SourceVersion "1"]
[SourceVersionDate "2021.05.31"]
[SourceQuality "1"]

1. e4 e6 2. d4 d5 3. Nc3 Bb4 4. exd5 Qxd5 5. Nf3 Nf6 6. Bd3 0-0 7. 0-0 Bxc3 8. bxc3 b6 9. c4 Qd6 10. Ne5 Rd8 11. c3 Bb7 12. Bf4 Qe7 13. Qe2 c5 14. Rad1 h6 15. Rfe1 Qf8 16. Bc2 cxd4 17. cxd4 Nc6 18. Nxc6 Bxc6 19. Be5 Nd7 20. Qd3 f5 21. Qg3 Nxe5 22. Qxe5 Re8 23. Bb3 Kh8 24. c5 bxc5 25. dxc5 a5 26. Rd6 Be4 27. f3 Bd5 28. Bxd5 exd5 29. Rxh6+ Kg8 30. Qxd5+ Qf7 31. Rxe8+ 1-0

[Event "BIH CFFBH-chT1A"]
[Site "Neum"]
[Date "2006.08.31"]
[Round "8"]
[White "Saric, Ibro"]
[Black "Vukovic, Zdravko"]
[Result "1/2-1/2"]
[WhiteElo "2489"]
[BlackElo "2402"]
[PlyCount "62"]
[EventDate "2006.08.26"]
[EventType "team-tourn"]
[EventRounds "9"]
[EventCountry "BIH"]
[SourceTitle "EXT 2023"]
[Source "ChessBase"]
[SourceDate "2022.10.05"]
[SourceVersion "1"]
[SourceVersionDate "2022.10.05"]
[SourceQuality "1"]

1. d4 Nf6 2. c4 Nc6 3. Nf3 e6 4. a3 d5 5. Nbd2 dxc4 6. Nxc4 b5 7. Nce5 Nxe5 8. Nxe5 c5 9. e3 a6 10. Be2 Bb7 11. 0-0 Bd6 12. a4 0-0 13. b3 Qb6 14. Bb2 Rfd8 15. Qb1 Be4 16. Bd3 Bxd3 17. Nxd3 c4 18. bxc4 bxc4 19. Ne5 Bxe5 20. dxe5 Nd5 21. Bd4 Qxb1 22. Rfxb1 Rab8 23. Kf1 c3 24. Rc1 Rdc8 25. e4 Rb4 26. exd5 Rxd4 27. dxe6 fxe6 28. Ra2 Re4 29. Rac2 Rxe5 30. Rxc3 Rxc3 31. Rxc3 Re4 1/2-1/2

[Event "BIH CFFBH-chT1A"]
[Site "Neum"]
[Date "2006.08.29"]
[Round "5"]
[White "Djukic, Nikola"]
[Black "Vukovic, Zdravko"]
[Result "1/2-1/2"]
[WhiteElo "2507"]
[BlackElo "2402"]
[PlyCount "20"]
[EventDate "2006.08.26"]
[EventType "team-tourn"]
[EventRounds "9"]
[EventCountry "BIH"]
[SourceTitle "EXT 2023"]
[Source "ChessBase"]
[SourceDate "2022.10.05"]
[SourceVersion "1"]
[SourceVersionDate "2022.10.05"]
[SourceQuality "1"]

1. Nf3 Nf6 2. g3 e6 3. Bg2 d5 4. 0-0 Be7 5. b3 0-0 6. Bb2 c5 7. c4 Nc6 8. cxd5 Nxd5 9. d3 b6 10. Nbd2 Bb7 1/2-1/2

[Event "BIH CFFBH-chT1A"]
[Site "Neum"]
[Date "2006.08.27"]
[Round "2"]
[White "Vukovic, Zdravko"]
[Black "Kobas, Adnan"]
[Result "1/2-1/2"]
[WhiteElo "2402"]
[BlackElo "2300"]
[PlyCount "68"]
[EventDate "2006.08.26"]
[EventType "team-tourn"]
[EventRounds "9"]
[EventCountry "BIH"]
[SourceTitle "EXT 2023"]
[Source "ChessBase"]
[SourceDate "2022.10.05"]
[SourceVersion "1"]
[SourceVersionDate "2022.10.05"]
[SourceQuality "1"]

1. e4 c5 2. Nf3 e6 3. d4 cxd4 4. Nxd4 a6 5. Be2 Nf6 6. Nc3 Qc7 7. 0-0 Bb4 8. Qd3 d6 9. Qg3 Kf8 10. Bd3 Bxc3 11. bxc3 e5 12. Ne2 Nbd7 13. f4 Nh5 14. Qh4 Nxf4 15. Nxf4 exf4 16. Bxf4 Ne5 17. Bxe5 dxe5 18. Bc4 Be6 19. Bxe6 Qb6+ 20. Rf2 Qxe6 21. Rd1 f6 22. Rfd2 Ke7 23. Qg3 g5 24. c4 Rhd8 25. Qb3 Rxd2 26. Rxd2 Qc6 27. Qb4+ Kf7 28. c5 Rc8 29. Rd5 Qb5 30. c3 Qe2 31. h3 Qe3+ 32. Kf1 Kg6 33. Qxb7 Qf4+ 34. Kg1 Qc1+ 1/2-1/2

[Event "SCG-chT1"]
[Site "Vrnjacka Banja"]
[Date "2005.10.25"]
[Round "9"]
[White "Lazic, Dragoljub"]
[Black "Vukovic, Zdravko"]
[Result "1/2-1/2"]
[WhiteElo "2332"]
[BlackElo "2432"]
[PlyCount "103"]
[EventDate "2005.10.17"]
[EventType "team"]
[EventRounds "11"]
[EventCountry "YUG"]
[SourceTitle "EXT 2006"]
[Source "ChessBase"]
[SourceDate "2005.11.24"]
[SourceVersion "1"]
[SourceVersionDate "2005.11.24"]
[SourceQuality "1"]

1. e4 d5 2. exd5 Qxd5 3. Nc3 Qd8 4. d4 Nf6 5. Nf3 c6 6. Bc4 b5 7. Bb3 e6 8. 0-0 Be7 9. Ne5 0-0 10. Bg5 Bb7 11. Qe2 Nd5 12. Bxe7 Nxc3 13. bxc3 Qxe7 14. f4 c5 15. dxc5 Nc6 16. Nd3 Qf6 17. Qe1 a5 18. a4 Ba6 19. Rf2 Rab8 20. axb5 Bxb5 21. c4 Ba6 22. Ba4 Bb7 23. Bxc6 Bxc6 24. Ne5 Rfc8 25. Rxa5 Rc7 26. Ra6 Rbc8 27. Qb4 h6 28. Rb6 Kh7 29. h3 Qf5 30. Rb8 f6 31. Rxc8 Rxc8 32. Nd3 Qe4 33. Qc3 Ba8 34. Kh2 Qe3 35. Qd2 Qd4 36. Qb4 e5 37. fxe5 fxe5 38. Qe1 e4 39. Nc1 Rxc5 40. Ne2 Qe5+ 41. Kh1 Rxc4 42. c3 Qc5 43. Kh2 Qc7+ 44. Kg1 Qc5 45. Kh2 Qe5+ 46. Kg1 Qg5 47. Rf8 Bc6 48. Qf1 e3 49. Qf5+ Qxf5 50. Rxf5 Be4 51. Re5 Bd3 52. Rxe3 1/2-1/2

[Event "SCG-chT1"]
[Site "Vrnjacka Banja"]
[Date "2005.10.24"]
[Round "8"]
[White "Vukovic, Zdravko"]
[Black "Bogosavljevic, Boban"]
[Result "1/2-1/2"]
[WhiteElo "2432"]
[BlackElo "2302"]
[PlyCount "68"]
[EventDate "2005.10.17"]
[EventType "team"]
[EventRounds "11"]
[EventCountry "YUG"]
[SourceTitle "EXT 2006"]
[Source "ChessBase"]
[SourceDate "2005.11.24"]
[SourceVersion "1"]
[SourceVersionDate "2005.11.24"]
[SourceQuality "1"]

1. e4 c5 2. b3 Nc6 3. Bb2 d6 4. Bb5 Bd7 5. Ne2 Nf6 6. d3 e6 7. 0-0 a6 8. Bxc6 Bxc6 9. Nd2 Be7 10. Ng3 h5 11. c3 h4 12. Ne2 Qc7 13. b4 d5 14. e5 Qxe5 15. bxc5 Qf5 16. Nb3 h3 17. Ned4 Qg4 18. g3 Ba4 19. Qxg4 Nxg4 20. Rfe1 Nf6 21. Rab1 Nd7 22. Ba3 Bxb3 23. Nxb3 b6 24. d4 Rc8 25. Kf1 a5 26. Re3 a4 27. Nd2 bxc5 28. Ke2 c4 29. Bxe7 Kxe7 30. Rb4 Rb8 31. a3 Rxb4 32. cxb4 Kd6 33. f4 Rc8 34. Nb1 Nf6 1/2-1/2

[Event "SCG-chT1"]
[Site "Vrnjacka Banja"]
[Date "2005.10.18"]
[Round "2"]
[White "Krivokapic, Marko"]
[Black "Vukovic, Zdravko"]
[Result "1-0"]
[WhiteElo "2338"]
[BlackElo "2432"]
[PlyCount "95"]
[EventDate "2005.10.17"]
[EventType "team"]
[EventRounds "11"]
[EventCountry "YUG"]
[SourceTitle "EXT 2006"]
[Source "ChessBase"]
[SourceDate "2005.11.24"]
[SourceVersion "1"]
[SourceVersionDate "2005.11.24"]
[SourceQuality "1"]

1. e4 d5 2. exd5 Qxd5 3. Nf3 Qe6+ 4. Be2 Qg6 5. 0-0 Bh3 6. Ne1 Bf5 7. d4 Nc6 8. Be3 0-0-0 9. c4 Nxd4 10. Bxd4 e5 11. Nf3 Be4 12. Qa4 exd4 13. Qxa7 c5 14. Nbd2 d3 15. Bd1 Bd6 16. Nxe4 Qxe4 17. Qa8+ Kc7 18. Qa5+ Kc8 19. Nd2 Qe7 20. Bf3 Qc7 21. Qa8+ Kd7 22. Qa4+ Ke7 23. Rfe1+ Kf8 24. g3 Nf6 25. Rad1 g6 26. Qb3 Be5 27. Qxb7 Qxb7 28. Bxb7 Bxb2 29. Nb3 Ba3 30. Re3 Kg7 31. Rexd3 Rxd3 32. Rxd3 Rb8 33. Bf3 Rb4 34. Rc3 Ra4 35. Kg2 Ra7 36. Rc2 Nd7 37. Nd2 Ne5 38. Be4 f5 39. Bd5 Nd3 40. Nf3 Nb4 41. Re2 Nxd5 42. cxd5 c4 43. Rc2 Rd7 44. Rxc4 Rxd5 45. Rc7+ Kg8 46. Ra7 Rd3 47. Ng5 Bc5 48. Ra8+ 1-0

[Event "EU-Cup 21st"]
[Site "Saint Vincent"]
[Date "2005.09.20"]
[Round "3.6"]
[White "Vukovic, Zdravko"]
[Black "Yeke, Serkan"]
[Result "1/2-1/2"]
[WhiteElo "2432"]
[BlackElo "2272"]
[PlyCount "98"]
[EventDate "2005.09.18"]
[EventType "team-swiss"]
[EventRounds "7"]
[EventCountry "ITA"]
[SourceTitle "CBM 110"]
[Source "ChessBase"]
[SourceDate "2006.01.31"]
[SourceVersion "1"]
[SourceVersionDate "2006.01.31"]
[SourceQuality "1"]
[WhiteTeam "Podgorica"]
[BlackTeam "Istanbul"]
[WhiteTeamCountry "YUG"]
[BlackTeamCountry "TUR"]

1. e4 e5 2. Nc3 Nf6 3. g3 Bc5 4. Bg2 Nc6 5. Nf3 d6 6. d3 h6 7. 0-0 a6 8. Be3 Bxe3 9. fxe3 Bg4 10. Qd2 Bxf3 11. Rxf3 0-0 12. Raf1 Nh7 13. h4 Qd7 14. Kh2 Ne7 15. Bh3 Qe8 16. Nd5 Nxd5 17. exd5 e4 18. Rf4 exd3 19. cxd3 Nf6 20. e4 Nd7 21. Qc3 Rc8 22. Qb3 Rb8 23. Qc2 c5 24. dxc6 bxc6 25. Qxc6 Rxb2+ 26. R1f2 Ne5 27. Qxd6 Qb5 28. a4 Qb8 29. Qxa6 Rb6 30. Qa5 Nxd3 31. Qd5 Nxf2 32. Rxf2 Rb2 33. Rxb2 Qxb2+ 34. Bg2 Rc8 35. a5 Qe2 36. Qb7 Rc2 37. e5 Qf2 38. a6 Rc3 39. Qb8+ Kh7 40. e6 Rc2 41. Qb7 Rc3 42. Qe4+ f5 43. Qf4 Qc5 44. g4 g6 45. gxf5 g5 46. Qb8 Qd4 47. Qb7+ Kh8 48. Qb8+ Kh7 49. Qb7+ Kh8 1/2-1/2